000 00801nam a2200253 i 4500
001 27306
003 ES-MaACL
005 20250830111223.0
007 t|
008 030114s1980 sp ||||1| spa d
020 _a84-206-1760-1
080 _a282
080 _a284
100 1 _aAranguren, José Luis L.,
_d1909-1996
_922315
245 1 0 _aCatolicismo y protestantismo como formas de existencia /
_cJosé Luis L. Aranguren.
260 _aMadrid :
_bAlianza Editorial,
_c1980.
300 _a300 p. ;
_c18 cm.
490 1 _aEl libro de bolsillo ;
_v760. Sección humanidades
610 2 4 _aIglesia Católica
_94639
650 4 _aProtestantismo.
_916517
830 1 3 _aEl libro de bolsillo
_v760. Sección humanidades
_9177802
852 4 _aES-MaACL
_jA-3067
999 _c27306
_d27306